| Tag |
First Indicator |
Second Indicator |
Subfields |
| LEADER |
00000cam a2200000 4500 |
| 001 |
in00000076465 |
| 005 |
20151008052714.0 |
| 008 |
720523s1946 nyu b 00000 eng u |
| 010 |
|
|
|a a 47001010
|
| 020 |
|
|
|a 0405036906
|
| 035 |
|
|
|a (OCoLC)00315868
|
| 035 |
|
|
|9 AAH4540AM
|
| 040 |
|
|
|c CWR
|d TXA
|d UtOrBLW
|
| 049 |
|
|
|a TXAM
|c [139790]
|
| 050 |
0 |
0 |
|a E97
|b .A3
|
| 092 |
|
|
|a 371.975
|b A211a
|
| 100 |
1 |
|
|a Adams, Evelyn Crady,
|d 1884-
|
| 245 |
1 |
0 |
|a American Indian education ;
|b government schools and economic progress /
|c [by] Evelyn C. Adams, with an introduction by John Collier.
|
| 264 |
|
1 |
|a New York :
|b Kings crown press,
|c 1946.
|
| 300 |
|
|
|a xiii, 1 unnumbered page, 122 pages :
|b illustrations ;
|c 23 cm.
|
| 336 |
|
|
|a text
|b txt
|2 rdacontent
|
| 337 |
|
|
|a unmediated
|b n
|2 rdamedia
|
| 338 |
|
|
|a volume
|b nc
|2 rdacarrier
|
| 504 |
|
|
|a Bibliography: pages [109]-114.
|
| 650 |
|
0 |
|a Indians of North America
|x Education.
|
| 650 |
|
0 |
|a Indians of North America
|x Economic conditions.
|
| 999 |
|
|
|a MARS
|
| 999 |
f |
f |
|s e4c23904-04cd-39fb-97c5-df6be8b900fd
|i 72891225-e5b7-3ae6-baf4-190ed8333b4a
|t 0
|
| 952 |
f |
f |
|p normal
|a Texas A&M University
|b College Station
|c Sterling C. Evans Library
|d Evans: Library Stacks
|t 0
|e E97 .A3
|h Library of Congress classification
|i unmediated -- volume
|m A14800847970
|
| 998 |
f |
f |
|a E97 .A3
|t 0
|l Evans: Library Stacks
|